[Event "Ustron op-B"]
[Site "Ustron"]
[Date "2022.08.20"]
[Round "9"]
[White "Budzisz, Adrian"]
[Black "Bancarewicz, Aleks"]
[Result "1-0"]
[WhiteElo "2144"]
[BlackElo "1854"]
[PlyCount "47"]
[EventDate "2022.08.12"]
[EventType "swiss"]
[EventRounds "9"]
[EventCountry "POL"]
[SourceTitle "CBM 209 Extra"]
[Source "ChessBase"]
[SourceDate "2022.09.30"]
[SourceVersion "1"]
[SourceVersionDate "2022.09.30"]
[SourceQuality "1"]

1. d4 Nf6 2. Nc3 d5 3. Bf4 g6 4. h4 Bg7 5. e3 c5 6. h5 Nxh5 7. Rxh5 gxh5 8. Qxh5 e6 9. Nb5 0-0 10. Nc7 Nc6 11. Nxa8 Qa5+ 12. c3 cxd4 13. exd4 Bxd4 14. Rd1 Bg7 15. Rd3 Qxa2 16. Rg3 Qb1+ 17. Qd1 Qe4+ 18. Be3 Ne5 19. f4 Nc4 20. Bxc4 dxc4 21. Qg4 Qb1+ 22. Kf2 Qg6 23. Qe2 Qe4 24. Rxg7+ 1-0

[Event "Ustron op-B"]
[Site "Ustron"]
[Date "2022.08.18"]
[Round "7"]
[White "Madej, Marek"]
[Black "Bancarewicz, Aleks"]
[Result "0-1"]
[WhiteElo "1981"]
[BlackElo "1854"]
[PlyCount "48"]
[EventDate "2022.08.12"]
[EventType "swiss"]
[EventRounds "9"]
[EventCountry "POL"]
[SourceTitle "CBM 209 Extra"]
[Source "ChessBase"]
[SourceDate "2022.09.30"]
[SourceVersion "1"]
[SourceVersionDate "2022.09.30"]
[SourceQuality "1"]

1. e4 c5 2. Nf3 d6 3. d4 cxd4 4. Nxd4 Nf6 5. Nc3 a6 6. h4 e5 7. Nb3 Be7 8. Bg5 Be6 9. Bxf6 Bxf6 10. g3 Be7 11. Qd2 Nd7 12. 0-0-0 Nf6 13. f4 b5 14. fxe5 dxe5 15. Qg5 Qb6 16. Qxg7 Qe3+ 17. Kb1 Rg8 18. Bxb5+ axb5 19. Rhe1 Qxe1 20. Qxg8+ Nxg8 21. Rxe1 b4 22. Nb5 Kd7 23. Rc1 Bc4 24. Rd1+ Kc6 0-1

[Event "Lazy Baltic Pearl op-A 18th"]
[Site "Lazy"]
[Date "2022.06.28"]
[Round "3"]
[White "Kaliszuk, Kamil"]
[Black "Bancarewicz, Aleks"]
[Result "1-0"]
[WhiteElo "2088"]
[BlackElo "1786"]
[PlyCount "69"]
[EventDate "2022.06.26"]
[EventType "swiss"]
[EventRounds "9"]
[EventCountry "POL"]
[SourceTitle "CBM 209 Extra"]
[Source "ChessBase"]
[SourceDate "2022.09.30"]
[SourceVersion "1"]
[SourceVersionDate "2022.09.30"]
[SourceQuality "1"]

1. e4 c5 2. Nf3 d6 3. Bb5+ Nd7 4. c3 Ngf6 5. Bd3 g6 6. Bc2 Bg7 7. d4 0-0 8. 0-0 e5 9. dxe5 Nxe5 10. Nxe5 dxe5 11. Qe2 Be6 12. Rd1 Qc7 13. c4 Rfd8 14. Nc3 Rxd1+ 15. Bxd1 Ne8 16. Be3 Nd6 17. Bb3 f5 18. f3 b6 19. Rd1 f4 20. Bf2 Bf8 21. g3 g5 22. Kh1 h5 23. gxf4 gxf4 24. Bh4 Be7 25. Rg1+ Kh8 26. Nd5 Bxd5 27. exd5 Nf5 28. Qe4 Rf8 29. Bxe7 Qxe7 30. Bc2 Kh7 31. d6 Qf6 32. d7 Qe7 33. Qc6 Qf7 34. Rg5 Qxc4 35. Qg6+ 1-0

[Event "POL-ch U16"]
[Site "Sypniewo"]
[Date "2022.03.22"]
[Round "4"]
[White "Garwacki, Kornel"]
[Black "Bancarewicz, Aleks"]
[Result "1/2-1/2"]
[WhiteElo "1512"]
[BlackElo "1870"]
[PlyCount "77"]
[EventDate "2022.03.19"]
[EventType "swiss"]
[EventRounds "9"]
[EventCountry "POL"]
[SourceTitle "CBM 207 Extra"]
[Source "ChessBase"]
[SourceDate "2022.05.31"]
[SourceVersion "1"]
[SourceVersionDate "2022.05.31"]
[SourceQuality "1"]

1. Nc3 c5 2. e4 d6 3. Nf3 Nf6 4. d4 cxd4 5. Nxd4 a6 6. Be3 e5 7. Nb3 Be6 8. Nd5 Nbd7 9. f3 Bxd5 10. exd5 g6 11. c4 Bg7 12. Bd3 0-0 13. 0-0 b6 14. Qd2 Nh5 15. a4 a5 16. Rfb1 f5 17. Nc1 e4 18. fxe4 f4 19. Bf2 Ne5 20. Nb3 Ng4 21. Rf1 Nxf2 22. Rxf2 Be5 23. Bf1 f3 24. gxf3 Qh4 25. Nd4 Rf7 26. Ne6 Nf4 27. Nxf4 Bxf4 28. Qe2 Raf8 29. Ra3 Be5 30. Rd3 g5 31. Rg2 h5 32. Qf2 Qf4 33. h3 Kh7 34. b3 Qc1 35. Qe2 Kh6 36. Qf2 Rf4 37. Qe2 R4f7 38. Qf2 Rf4 39. Qe2 1/2-1/2

[Event "Lazy Baltic Pearl op-A 17th"]
[Site "Lazy"]
[Date "2021.06.28"]
[Round "2"]
[White "Kietrys, Maciej"]
[Black "Bancarewicz, Aleks"]
[Result "0-1"]
[WhiteElo "1626"]
[BlackElo "1841"]
[PlyCount "62"]
[EventDate "2021.06.27"]
[EventType "swiss"]
[EventRounds "9"]
[EventCountry "POL"]
[SourceTitle "EXT 2022"]
[Source "ChessBase"]
[SourceDate "2021.10.06"]
[SourceVersion "1"]
[SourceVersionDate "2021.10.06"]
[SourceQuality "1"]

1. e4 c5 2. Nc3 d6 3. g3 Nc6 4. Bg2 g6 5. d3 Bg7 6. Be3 Nf6 7. h3 0-0 8. Qd2 Rb8 9. f4 e5 10. Nf3 Nh5 11. g4 Nxf4 12. Bxf4 exf4 13. Qxf4 Nd4 14. 0-0 Nxc2 15. Rac1 Nd4 16. Nxd4 Bxd4+ 17. Kh1 Be6 18. g5 b5 19. Rce1 b4 20. Nd5 Bxd5 21. exd5 Bxb2 22. h4 b3 23. axb3 Rxb3 24. Re3 Rb4 25. Qg3 Be5 26. Rxe5 dxe5 27. Be4 Qb8 28. Rf6 Rxe4 29. dxe4 Qb1+ 30. Kh2 Qxe4 31. d6 Qd4 0-1

[Event "Rubinstein Memorial-C 54th"]
[Site "Polanica Zdroj"]
[Date "2018.08.20"]
[Round "3"]
[White "Bancarewicz, Aleks"]
[Black "Butyrowski, Marcel"]
[Result "0-1"]
[WhiteElo "1649"]
[BlackElo "1896"]
[PlyCount "88"]
[EventDate "2018.08.18"]
[EventType "swiss"]
[EventRounds "9"]
[EventCountry "POL"]
[SourceTitle "EXT 2020"]
[Source "ChessBase"]
[SourceDate "2019.10.17"]
[SourceVersion "1"]
[SourceVersionDate "2019.10.17"]
[SourceQuality "1"]

1. e4 c5 2. Nf3 Nc6 3. d4 cxd4 4. Nxd4 g6 5. c4 Nf6 6. Nc3 Nxd4 7. Qxd4 d6 8. Be2 Bg7 9. Be3 0-0 10. Qd2 a5 11. Rc1 a4 12. f3 Qa5 13. 0-0 Be6 14. Rfd1 Rfc8 15. Nd5 Qxd2 16. Bxd2 Nxd5 17. cxd5 Bd7 18. Rxc8+ Rxc8 19. Rc1 Bxb2 20. Rxc8+ Bxc8 21. Bb5 a3 22. Kf2 Kg7 23. Ke2 f5 24. h3 Kf6 25. Bf4 fxe4 26. fxe4 g5 27. Bg3 Be5 28. Be1 h5 29. Be8 h4 30. Ba4 Bb2 31. Kf3 e6 32. Bb4 Ke5 33. Bd2 exd5 34. exd5 Bf5 35. Bb3 Be4+ 36. Kf2 Bxd5 37. Bxd5 Kxd5 38. Bxg5 b5 39. Bd2 Kc4 40. Ke2 b4 41. Kd1 b3 42. Bc1 Bxc1 43. Kxc1 bxa2 44. g4 a1Q+ 0-1

[Event "EU-ch blitz"]
[Site "Katowice"]
[Date "2017.12.15"]
[Round "1"]
[White "Bancarewicz, Aleks"]
[Black "Luch, Michal"]
[Result "0-1"]
[WhiteElo "1691"]
[BlackElo "2398"]
[PlyCount "76"]
[EventDate "2017.12.15"]
[EventType "swiss (blitz)"]
[EventRounds "22"]
[EventCountry "POL"]
[SourceTitle "CBM 182 Extra"]
[Source "ChessBase"]
[SourceDate "2018.02.23"]
[SourceVersion "1"]
[SourceVersionDate "2018.02.23"]
[SourceQuality "1"]

1. e4 c5 2. Nc3 a6 3. g3 b5 4. Bg2 Bb7 5. f4 e6 6. Nf3 b4 7. Ne2 Bxe4 8. d3 Bb7 9. 0-0 Nf6 10. h3 Be7 11. Be3 d6 12. Kh2 0-0 13. g4 Nd5 14. Bd2 Nd7 15. Ng3 a5 16. Qe2 a4 17. Qf2 Rb8 18. f5 Ne5 19. Nxe5 dxe5 20. fxe6 fxe6 21. Qe2 Bd6 22. Ne4 Nf4 23. Qf3 Be7 24. Be3 Qc7 25. Qg3 Bd5 26. b3 a3 27. Rae1 Rf7 28. Rf3 Rbf8 29. Ref1 Qd8 30. R3f2 Bh4 31. Qf3 Bxf2 32. Qxf2 Nxg2 33. Qxg2 Rxf1 34. Bxc5 Bxe4 35. Qxe4 Qd5 36. Qxd5 exd5 37. Bxf8 Kxf8 38. Kg2 Ra1 0-1

[Event "POL-chT U20"]
[Site "Szczyrk"]
[Date "2017.07.30"]
[Round "9.10"]
[White "Bancarewicz, Aleks"]
[Black "Oleksy, Krzysztof1111"]
[Result "1/2-1/2"]
[WhiteElo "1565"]
[BlackElo "1598"]
[PlyCount "70"]
[EventDate "2017.07.22"]
[EventType "team-tourn"]
[EventRounds "9"]
[EventCountry "POL"]
[SourceTitle "EXT 2019"]
[Source "ChessBase"]
[SourceDate "2018.10.10"]
[SourceVersion "1"]
[SourceVersionDate "2018.10.10"]
[SourceQuality "1"]

1. d4 Nf6 2. c4 e6 3. Nf3 d5 4. g3 Bb4+ 5. Bd2 Be7 6. Bg2 0-0 7. 0-0 Nbd7 8. Qc2 Ne4 9. Nc3 Nxd2 10. Nxd2 Nf6 11. Rad1 c6 12. e4 dxc4 13. Nxc4 b5 14. Ne5 Bb7 15. Ne2 Rc8 16. a3 a5 17. Nd3 a4 18. Nc5 Qc7 19. h3 Bxc5 20. dxc5 Rcd8 21. g4 h6 22. Ng3 Nd7 23. Rd6 Ne5 24. Rfd1 Nc4 25. Rxd8 Rxd8 26. Bf1 Ne5 27. Rxd8+ Qxd8 28. Qc3 Ng6 29. Nh5 f6 30. Be2 Bc8 31. f4 e5 32. f5 Nh8 33. Kf2 Nf7 34. Ke3 Kf8 35. h4 Qe7 1/2-1/2

[Event "POL-chT U20"]
[Site "Szczyrk"]
[Date "2017.07.27"]
[Round "6.28"]
[White "Bancarewicz, Aleks"]
[Black "Dzida, Kamil"]
[Result "0-1"]
[WhiteElo "1565"]
[BlackElo "1796"]
[PlyCount "90"]
[EventDate "2017.07.22"]
[EventType "team-tourn"]
[EventRounds "9"]
[EventCountry "POL"]
[SourceTitle "EXT 2019"]
[Source "ChessBase"]
[SourceDate "2018.10.10"]
[SourceVersion "1"]
[SourceVersionDate "2018.10.10"]
[SourceQuality "1"]

1. e4 c5 2. Nf3 d6 3. d4 cxd4 4. Nxd4 Nf6 5. Nc3 a6 6. Be2 e5 7. Nb3 Be6 8. 0-0 Nc6 9. Be3 b5 10. Bf3 Qc7 11. Qd2 Rc8 12. Rac1 Be7 13. Rfd1 0-0 14. h3 Kh8 15. g4 Na5 16. Nxa5 Qxa5 17. Nd5 Qxd2 18. Rxd2 Nxd5 19. exd5 Bd7 20. Be2 f5 21. f3 f4 22. Bf2 e4 23. Bd4 e3 24. Rdd1 Bf6 25. Bxf6 Rxf6 26. c3 g5 27. Kg2 Kg7 28. Rd4 h5 29. a4 Rh6 30. Rh1 Kf6 31. a5 Rc5 32. Rhd1 hxg4 33. fxg4 Rh8 34. Re4 Re8 35. Rxe8 Bxe8 36. Rd4 Bg6 37. Bf3 Ke5 38. Kf1 Rc4 39. Rd1 Ra4 40. b4 Ra3 41. Rc1 Ra2 42. Be2 f3 43. Bxf3 Rf2+ 44. Ke1 Rxf3 45. c4 Bd3 0-1

[Event "POL-chT U20"]
[Site "Szczyrk"]
[Date "2017.07.25"]
[Round "4.22"]
[White "Bancarewicz, Aleks"]
[Black "Strugarek, Lukasz"]
[Result "1-0"]
[WhiteElo "1565"]
[BlackElo "1502"]
[PlyCount "93"]
[EventDate "2017.07.22"]
[EventType "team-tourn"]
[EventRounds "9"]
[EventCountry "POL"]
[SourceTitle "EXT 2019"]
[Source "ChessBase"]
[SourceDate "2018.10.10"]
[SourceVersion "1"]
[SourceVersionDate "2018.10.10"]
[SourceQuality "1"]

1. d4 Nf6 2. c4 g6 3. Nc3 Bg7 4. Nf3 d6 5. g3 0-0 6. Bg2 Nbd7 7. 0-0 e5 8. e4 Nh5 9. d5 a5 10. Qc2 Nc5 11. b3 f5 12. Nd2 f4 13. Bb2 Bh6 14. a3 Rf7 15. b4 Qf8 16. bxc5 fxg3 17. hxg3 Nxg3 18. Qd3 Nxf1 19. Rxf1 Bg4 20. cxd6 cxd6 21. Ne2 Rc8 22. Bc1 Qe7 23. Nb3 Bxc1 24. Rxc1 Rcf8 25. Rf1 a4 26. Nd2 Qg5 27. f3 Bd7 28. Nc3 h5 29. Nd1 h4 30. Qe3 Qxe3+ 31. Nxe3 h3 32. Bh1 Kg7 33. Rb1 Rb8 34. Rb6 Rf6 35. Kh2 Kf7 36. Kg3 Ke7 37. Ng4 Rf7 38. c5 dxc5 39. Nxe5 Rg7 40. Nxd7 Kxd7 41. Nc4 Kc7 42. d6+ Kd7 43. f4 Rh7 44. Kg4 h2 45. Ne5+ Ke6 46. d7+ Ke7 47. Nc6+ 1-0